Kendini kuran şehir : (Kayıt no. 10277)

MARC ayrıntıları
000 -BAŞLIK
Sabit Uzunluktaki Kontrol Alanı 00917nam a22002537a 4500
003 - KONTROL NUMARASI KİMLİĞİ
Kontrol Alanı KOHA_MİRAKIL
005 - EN SON İŞLEM TARİHİ ve ZAMANI
Kontrol Alanı 20260416105007.0
008 - SABİT UZUNLUKTAKİ VERİ ÖGELERİ - GENEL BİLGİ
Sabit Alan 260416b tu ||||| |||| 00| 0 tur d
020 ## - ISBN - ULUSLARARASI STANDART KİTAP NUMARASI
Isbn 9786058381971
040 ## - KATALOGLAMA KAYNAĞI
Özgün Kataloglama Kurumu TR-AnABB
Kataloglama Dili tur
Çeviri Kurumu TR-AnABB
041 ## - DİL KODU
Metin ya da ses kaydının dil kodu tur
082 ## - DEWEY ONU SINIFLAMA SİSTEMİ
Sınıflama Numarası 307.76
Cutter numarası KAR 2018
100 1# - KİŞİ ADI
Yazar Adı (Kişi adı) Karatepe, Şükrü
245 10 - ESER ADI BİLDİRİMİ
Başlık Kendini kuran şehir :
Alt Eseradı vb. yirminci yüzyılda Kayseri /
Sorumluluk Bildirimi Şükrü Karatepe
250 ## - BASIM BİLDİRİMİ
Basım Bildirimi 1. baskı
260 ## - YAYIN, DAĞITIM, VB.
Yayın Yeri Ankara :
Yayınevi İdealkent Yayınları,
Yayın Tarihi 2018
300 ## - FİZİKSEL TANIMLAMA
Sayfa, Cilt vb. 346 sayfa :
Boyutları 20 cm
490 0# - DİZİ BİLDİRİMİ
Dizi Bildirimi İdealkent yayınları ;
Cilt Numarası 7
490 0# - DİZİ BİLDİRİMİ
Dizi Bildirimi Anadolu kentleri ;
Cilt Numarası 1
505 ## - İÇİNDEKİLER NOTU
İçindekiler Notu İçindekiler: Sur içinden metropole şehrin serüveni - Kavimler kavşağında kültür sentezi - Selçuklu başkentinden bulvarlar şehrine - Bölgesel ticaret yerel siyaset
650 04 - KONU BAŞLIĞI EK GİRİŞ - KONU TERİMİ
Konusal terim veya coğrafi ad Şehir sosyolojisi
900 ## - YEREL BİLGİ
Kontrol Can ÇELIK
942 ## - EK GİRİŞ ÖGELERİ (KOHA)
Sınıflama Kaynağı Dewey Decimal Classification
Materyal Türü Kitap
Mevcut
Geri Çekilme Durumu Kayıp Durumu Sınıflandırma Kaynağı Kredi için değil Kalıcı Konum Mevcut Konum Kayıt Tarih Toplam Ödünçverme Yer Numarası Demirbaş Numarası Son Görülme Tarihi Fatura Tarihi Materyal Türü
    Dewey Decimal Classification   Prof. Dr. Ruşen Keleş Kütüphanesi Prof. Dr. Ruşen Keleş Kütüphanesi 16/04/2026   307.76 KAR 2018 RK7167 16/04/2026 16/04/2026 Kitap